LEADER 02486nam0 2200337 450 001 000030489 005 20120302105244.0 010 $a978-88-251-7352-9$dEUR31.00 100 $a20120302d2010----km-y0itaa50------ba 101 0 $aita 102 $aIT 200 1 $aAgroecologia$eteoria e pratica degli agroecosistemi$fFabio Caporali, Enio Campiglia, Roberto Mancinelli 210 $a[Grugliasco]$cCittà studi$d2010 215 $aXXII, 322 p.$cill.$d24 cm 330 $aAttraverso l'utilizzo del concetto di "ecosistema" che è stato assunto come filo conduttore di tutta la trattazione, questo libro fornisce uno strumento epistemologico per la lettura della realtà in cui viviamo. L'applicazione del concetto di ecosistema consente, infatti, di rappresentare e analizzare la realtà agraria come gerarchia di agroecosistemi. In questo contesto il livello di organizzazione dell'azienda agraria è stato assunto come strategico per concepire e realizzare uno sviluppo sostenibile dell'ambiente rurale. Nell'opera vengono illustrati i criteri teorici e le applicazioni pratiche per organizzare l'azienda come agroecosistema multifunzionale, in conformità con i principi di ecosviluppo che gli autori hanno maturato attraverso l'esperienza conseguita in un ventennio di ricerca sul campo. Il volume tratta, inoltre, di aspetti poco conosciuti, come il ruolo esercitato dalle siepi e dai sistemi policolturali, che sono essenziali per la realizzazione di agroecosistemi ecocompatibili basati sulla biodiversità. L'ultima parte del libro, infine, è dedicata al caso studio riguardante l'agricoltura biologica come esempio di agricoltura ecocompatibile. 606 2 $aEcologia agraria 606 2 $aAgricoltura biologica 676 $a577.55$v(22. ed.)$9Ecologia degli ambienti creati dall'uomo 700 1$aCaporali,$bFabio$075991 701 1$aCampiglia,$bEnio$0445761 701 1$aMancinelli,$bRoberto$0445762 801 0$aIT$bUniversità della Basilicata - B.I.A.$gRICA$2unimarc 912 $a000030489 996 $aAgroecologia$993665 997 $aUNIBAS BAS $aAGRARIA CAT $aLCR$b01$c20120126$lBAS01$h0724 CAT $aTTM$b30$c20120302$lBAS01$h1052 FMT Z30 -1$lBAS01$LBAS01$mBOOK$1BASA2$APolo Tecnico-Scientifico$2DID$BDidattica$3PTS.s2.p19.24$6110425$5T110425$820120223$f98$FConsultazione Z30 -1$lBAS01$LBAS01$mBOOK$1BASA2$APolo Tecnico-Scientifico$2DID$BDidattica$3PTS.s2.p19.24A$6110426$5T110426$820120223$f04$FPrestabile Didattica